| 000 | 00383nam a2200145Ia 4500 | ||
|---|---|---|---|
| 008 | 151213s9999 xx 000 0 und d | ||
| 100 | _aRuth Bernstein & S. Bernstein | ||
| 245 |
_aBiology _cRuth Bernstein & S. Bernstein |
||
| 260 |
_aMelbourne _bWCB _c1992 |
||
| 300 | _a1243 p. | ||
| 650 | _aBiology | ||
| 650 | _aBiology | ||
| 700 | _aRuth Bernstein & S. Bernstein | ||
| 999 |
_c1075 _d1075 |
||